00398nam a2200121 a 450000500170000000800410001705000220005824500320008026000280011265000170014099900190015795201000017620140414131849.0100728s19uu xx 00 eng d aM 595.7bK28 2008 aWhy do ants cut up leaves?. bMiles Kelly Pub,c2007. aAnts-habitat c110110d110110 001040aMUbMUcMd2010-07-28l0oM 595.7 K28 2008pM0405r2014-04-14 00:00:00w2014-04-14yBK